000
00341nam a2200145Ia 4500
008
150201s2013 xx 000 0 und d
082
_a
611
_b
A13J
100
_a
JAIN , AK.
245
_a
ANATOMY AND PHYSIOLOGY FOR NURSES
250
_a
3RD
260
_b
ARYA PUB.
_a
DELHI
_c
2013
300
_a
333
650
_a
ANATOMY
942
_2
ddc
_c
BK
_0
186
999
_c
2142
_d
2142